Soviet economic institutions: (Record no. 3995)
[ view plain ]
| 000 -LEADER | |
|---|---|
| fixed length control field | 00875cam a22002651 4500 |
| 001 - CONTROL NUMBER | |
| control field | 3995 |
| 003 - CONTROL NUMBER IDENTIFIER | |
| rucl marc code | BD-RjUL |
| 005 - DATE AND TIME OF LATEST TRANSACTION | |
| control field | 20211208233821.0 |
| 008 - FIXED-LENGTH DATA ELEMENTS--GENERAL INFORMATION | |
| fixed length control field | 131221r19561952caua b 000 0 eng |
| 035 ## - SYSTEM CONTROL NUMBER | |
| System control number | (BD-RjUL)4029 |
| System control number | (OCoLC)229751 |
| 040 ## - CATALOGING SOURCE | |
| Original cataloging agency | DLC |
| Transcribing agency | ODaWU |
| Modifying agency | OCoLC |
| -- | Uk |
| -- | DLC |
| -- | BD-RjUL |
| Language of cataloging | eng |
| 041 ## - LANGUAGE CODE | |
| Language code of text/sound track or separate title | eng |
| 082 ## - DEWEY DECIMAL CLASSIFICATION NUMBER | |
| Classification number | 338.947 |
| Author mark and year | VUS |
| 100 1# - MAIN ENTRY--PERSONAL NAME | |
| Personal name | Vucinich, Alexander, |
| Dates associated with a name | 1914- |
| 9 (RLIN) | 12714 |
| 245 10 - TITLE STATEMENT | |
| Title | Soviet economic institutions: |
| Remainder of title | the social structure of production units. |
| Statement of responsibility, etc. | Introd. by Sergius Yakobson. |
| 260 ## - PUBLICATION, DISTRIBUTION, ETC. (IMPRINT) | |
| Place of publication, distribution, etc. | [Stanford] |
| Name of publisher, distributor, etc. | Stanford University Press, |
| Date of publication, distribution, etc. | c1952[reprinting1956] |
| 300 ## - PHYSICAL DESCRIPTION | |
| Pagination | x, 150 p. |
| Illustrations | diagrs. |
| Size | 23 cm. |
| 504 ## - BIBLIOGRAPHY, ETC. NOTE | |
| Bibliography, etc | Bibliography: p. 138-150. |
| 650 #0 - SUBJECT ADDED ENTRY--TOPICAL TERM | |
| Topical term or geographic name as entry element | Industries |
| Geographic subdivision | Soviet Union. |
| 9 (RLIN) | 9254 |
| 942 ## - ADDED ENTRY ELEMENTS (KOHA) | |
| Source of classification or shelving scheme | Dewey Decimal Classification |
| Koha item type | Books |
| Lost status | Source of classification or shelving scheme | Damaged status | Not for loan | Collection code | Permanent Location | Current Location | Shelving location | Date acquired | Source of acquisition | Cost, normal purchase price | Total Checkouts | Full call number | Date last seen | Copy number | Koha item type |
|---|---|---|---|---|---|---|---|---|---|---|---|---|---|---|---|
| Dewey Decimal Classification | Not For Loan | Non-fiction | Central Library, University of Rajshahi | Central Library, University of Rajshahi | 03/07/1957 | Publishers United | 11.60 | 338.947 VUS 1956 | 21/12/2013 | C-2 | Books |